000
00290nam a22001337a 4500
008
181204b xxu||||| |||| 00| 0 eng d
020
_a
9780135126325
041
_a
eng
080
_2
3 TH
_a
370
100
_a
37
101
_a
MAT
245
_a
Math Basic
_c
Michelle.b
942
_2
udc
_c
BK
999
_c
52784
_d
52784